Statistiken für Quizduell Fragen – Schwer #4

Klicken Sie hier um das Quiz zu spielen!

Allgemein

  • Dieses Quiz wurde 86 mal gespielt
  • Das Durchschnittsergebnis liegt bei 5 aus 19

Antwortstatistiken

KategorieFrageAntwort% Korrekt
Die 2000erWie alt wäre Elvis Presley am 8. Januar 2015 geworden?80 Jahre
63%
Musik & HitsWie viele Vorzeichen hat die Tonart f-Moll?4
62%
Sport & FreizeitWelche Stadt in den USA verbindet man mit den „Bears“, „Cubs“ und „Blackhawks“?Chicago
58%
TV-SerienWann startete die TV-Serie „Baywatch“ in den USA?1989
50%
Wunder der TechnikIn welchem Land fuhr die erste öffentliche Eisenbahn?Vereinigtes Königreich
49%
Essen & TrinkenWelche japanische Spezialität wird „Fugu“ genannt?Kugelfisch
47%
Medien & UnterhaltungSeit wann wird der Preis „Spiel des Jahres“ verliehen?1979
37%
Bücher & WörterWo spielt der Thriller „Passagier 23“ von Sebastian Fitzek?Kreuzfahrtschiff
29%
Rund um die WeltIn welchem Land bezahlt man mit Lei und Bani?Rumänien
21%
Draußen im GrünenWelcher Fisch kann sein Geschlecht wechseln?Clownfisch
19%
ComicsWelches Duo erlebte in Deutschland seine ersten Abenteuer als „Siggi und Babarras“?Asterix und Obelix
18%
Zeugen der ZeitWelches Volk entwickelte die Keilschrift?Sumerer
18%
KinofilmeWie hieß Bud Spencer mit bürgerlichem Namen?Carlo Pedersoli
15%
Macht & GeldIn welcher Stadt steht das Hauptquartier von Interpol?Lyon
15%
Im LaborDas Fermi-Paradoxon behandelt ...?Außerirdisches Leben
14%
Kunst & KulturIn welcher Oper gibt es den „Gefangenenchor“?Nabucco
14%
Glaube & ReligionWas bedeutet der Begriff „orthodox“?Rechtgläubig
5%
ComputerspieleWelches kurze Musikstück ist traditionell in vielen Nintendo-Spielen als Easter Egg versteckt?Totaka's Song
1%
Körper & GeistWie nennt man es, wenn der Fuß bei der Abrollbewegung stark nach innen kippt?Überpronation
1%

Verteilung der Resultate

Perzentil nach korrekt beantworteten Fragen

Anzahl Personen mit jedem Resultat

Ihre Resultats-Entwicklung

Sie haben dieses Quiz noch nicht gespielt